00753cam a22002537a 4500001000500000005001700005020001500022040002300037050001900060082001000079100002400089245003700113250004500150260003500195300005700230505000800287520007600295521002000371521002000391650001700411650002300428650003100451650001700482279620250826142845.0 a0439253349 aDLCcDLCdDLCbeng00aPZ73.M87b200200a823.91 aMurphy, Maryd1961-10aI like it when-- /cMurphy, Mary aFirst Scholastic printing, December 2000 aNew York :bScholastic, c1997 a23 unnumbered pages :bcolor illustrations ; c21 cm aD  aA little penguin shares its favorite things with the one it loves most.1 a180 bLexile 1 aD bRaz-Plus  0aBoard books. 1aPenguinsxFiction. 1aParent and childxFiction. 1aBoard books.